<?xml version="1.0" encoding="UTF-8"?>
<collection xmlns="http://www.loc.gov/MARC21/slim">
 <record>
  <leader>00673pamaa2200193   4500</leader>
  <controlfield tag="001">0000017743</controlfield>
  <controlfield tag="005">20090525090000.0</controlfield>
  <datafield tag="020" ind1="0" ind2="0">
   <subfield code="a">1850280010 </subfield>
  </datafield>
  <datafield tag="090" ind1="0" ind2="0">
   <subfield code="a">GR35 </subfield>
   <subfield code="b">PAG 1985</subfield>
  </datafield>
  <datafield tag="100" ind1="1" ind2="0">
   <subfield code="a">PAGE </subfield>
  </datafield>
  <datafield tag="245" ind1="1" ind2="0">
   <subfield code="a">Encyclopaedia of things that never were : </subfield>
   <subfield code="b">creatures, places, and people  </subfield>
   <subfield code="c">Michael Page and Robert Ingpen.</subfield>
  </datafield>
  <datafield tag="260" ind1="0" ind2="0">
   <subfield code="a">Limpsfield, Surrey, Great Britain: </subfield>
   <subfield code="b">Paper Tiger, </subfield>
   <subfield code="c">1985.</subfield>
  </datafield>
  <datafield tag="300" ind1=" " ind2=" ">
   <subfield code="a">240p.: </subfield>
   <subfield code="b">col. ill.; </subfield>
   <subfield code="c">34cm.</subfield>
  </datafield>
  <datafield tag="650" ind1="0" ind2="0">
   <subfield code="a">Fantastic literature -- </subfield>
   <subfield code="x">Dictionaries </subfield>
  </datafield>
  <datafield tag="650" ind1="0" ind2="0">
   <subfield code="a">Mythology -- </subfield>
   <subfield code="x">Dictionaries </subfield>
  </datafield>
  <datafield tag="650" ind1="0" ind2="0">
   <subfield code="a">Folklore -- </subfield>
   <subfield code="x">Dictionaries </subfield>
  </datafield>
  <datafield tag="650" ind1="0" ind2="0">
   <subfield code="a">Supernatural -- </subfield>
   <subfield code="x">Dictionaries </subfield>
  </datafield>
  <datafield tag="650" ind1="0" ind2="0">
   <subfield code="a">Legends -- </subfield>
   <subfield code="x">Dictionaries </subfield>
  </datafield>
  <datafield tag="700" ind1="1" ind2="1">
   <subfield code="a">Ingpen, </subfield>
   <subfield code="h">Robert </subfield>
  </datafield>
 </record>
</collection>
